000 00519nam a22001937a 4500
003 KOHA_MİRAKIL
005 20250217084155.0
008 250217b tu ||||| |||| 00| 0 tur d
020 _a9786050667929
040 _aTR-AnABB
_btur
_cTR-AnABB
041 _atur
082 _a814.42
_bSUB 2020
100 _aSubaşı, Necdet,
245 1 0 _aDilaltı /
_cNecdet Subaşı
260 _aAnkara :
_bMaarif Mektebi,
_c2020
300 _a188 sayfa ;
_c21 cm
650 0 4 _aTürk edebiyatı, roman
942 _2ddc
_cBK
999 _c8300
_d8300
900 _bGizem YORULMAZ